000 00493nam a2200181Ia 4500
008 151202s9999||||xx |||||||||||||| ||und||
082 _bPNVM-51773
100 _aसिनकर श्रीकांत.
245 _aअभागी.
260 _b---
260 _c51773
300 _a0
600 _aसिनकर श्रीकांत.
630 _aअभागी.
700 _aसिनकर श्रीकांत.
730 _aअभागी.
942 _cBOOK
999 _c1318313
_d1318310